000 00744pam a2200229 a 4500
001 4415341
005 20180208044154.0
008 930609s1993 nyua b 001 0 eng
010 _a 93025353
020 _a0688099726 :
_c$25.00
040 _aDLC
_cDLC
_dDLC
041 _aeng
080 _a616.12 MIC
082 0 0 _a616.12 MIC
_220
100 _a8
101 _aEKZ
245 0 0 _aMayo Clinic heart book /
_cMichael D. McGoon, editor-in-chief.
504 _aIncludes bibliographical references and index.
906 _a7
_bcbc
_corignew
_d1
_eocip
_f19
_gy-gencatlg
942 _2ddc
_cBK
999 _c42110
_d42110